000 00838nam a2200229 a 4500
001 000182029
003 AM-YeHGA
005 20250617123634.0
008 990423s1978 ru |||||r|||||||||0|rus|d
020 _c0.45
040 _aAM-YeHGA
041 0 _arus
100 1 _aБондаренко, Валентин Николаевич
245 1 0 _aСравнительный анализ геологических объектов с закономерной изменчивостью свойств /
_cВ.Н. Бондаренко ; Под ред. Д.А. Родионова.
260 _aМосква :
_bНедра,
_c1978.
300 _a133 с. :
_bил.
504 _aБиблиогр. 97 назв.
650 1 4 _aПетрография
700 1 _aРадионов, Д.А.
_eред.
_4edt
942 _2udc
_cBK
090 _c63855
999 _c62770
_d62770